{"text_format":"3","workbook":"xlsx","n_sheets":2,"sheets":["机械技术应用系","Sheet1"],"read":"whole","date_system":"1900"}

{"sheet":"机械技术应用系","index":0,"n_rows":294,"n_cols":10,"rows_kept":294,"merged":[[0,0,0,9],[1,0,1,9],[2,0,2,9],[135,4,135,6],[136,0,136,9],[291,4,291,6],[292,4,292,6]]}
["桂林技师学院实习耗材采购计划表"]
["机电工程系（2025-2026学年）"]
["机械加工专业"]
["序号","项目名称","参考品牌、型号、规格","技术参数、性能指标要求","单位","数量","单价","合计","备注"]
[1,"圆钢","φ65","20米碳圆、10米GGr15","米",30,165,{"$f":"G5*F5","v":4950},"20米碳圆、10米GGr15","数车"]
[2,"圆钢","φ50","20米碳圆、16米Gr12mov","米",36,125,{"$f":"G6*F6","v":4500},"20米碳圆、16米Gr12mov"]
[3,"圆钢","φ45","20米碳圆、20米3Gr13","米",40,108,4320,"20米碳圆、20米3Gr13"]
[4,"圆钢","φ60","14米碳圆、10米9Gr18mov","米",24,160,3840,"20米碳圆、10米9Gr18mov"]
[5,"铜皮","0.5厚","300mm×3m","米",3,120,360,"紫铜"]
[6,"电动扳手（大扭矩）","东成、298B（4.0）","拆卸三爪卡盘卡爪使用","把",1,400,400,"东成"]
[7,"三爪内径千分尺","哈量量具、16-20mm",null,"把",2,455,910,"桂量量具、哈量量具"]
[8,"三爪内径千分尺","哈量量具、25-30mm",null,"把",2,640,1280,"桂量量具、哈量量具"]
[9,"三爪内径千分尺","哈量量具、50-63mm",null,"把",2,859,1718,"桂量量具、哈量量具"]
[10,"外径千分尺","哈量量具、50-75mm",null,"把",5,130,650,"桂量量具、哈量量具"]
[11,"外圆车刀","MCLNR2020K12","加工钢件","把",15,80,1200,"三菱、山特维克、京瓷"]
[12,"外圆车刀片","MCLNR2020K12","加工钢件、刀尖圆弧R0.4","盒",12,120,1440,"三菱、山特维克、京瓷"]
[13,"切槽刀","MGEHR2020K-3","加工钢件","把",15,80,1200,"三菱、山特维克、京瓷"]
[14,"切槽刀片","S16Q-SCLCR09","加工钢件、刀尖圆弧R0.2","盒",15,120,1800,"三菱、山特维克、京瓷"]
[15,"盲孔车刀","S16Q-SCLCR09","加工钢件","把",10,80,800,"三菱、山特维克、京瓷"]
[16,"盲孔车刀片","S16Q-SCLCR09","加工钢件、刀尖圆弧R0.4","盒",15,120,1800,"三菱、山特维克、京瓷"]
[17,"仿形车刀","MVJNR2020K16","加工钢件","把",10,80,800,"三菱、山特维克、京瓷"]
[18,"仿形车刀刀片","MVJNR2020K16","加工钢件、刀尖圆弧R0.4","盒",15,120,1800,"三菱、山特维克、京瓷"]
[19,"外螺纹车刀","SER2020K16","加工钢件","把",12,80,960,"三菱、山特维克、京瓷"]
[20,"外螺纹车刀刀片","SER2020K16","加工钢件、16ER-AG60-LDA","盒",12,120,1440,"三菱、山特维克、京瓷"]
[21,"内螺纹车刀","SNR0016Q16","加工钢件","把",16,80,1280,"三菱、山特维克、京瓷"]
[22,"内螺纹车刀刀片","SNR0016Q16","加工钢件、16IR-AG60-LDA","盒",15,120,1800,"三菱、山特维克、京瓷"]
[23,"内孔刀座","SBHA20-16、配S16Q-SCLCR09","中心高20孔16","个",15,75,1125,"三菱、山特维克、京瓷"]
[24,"外圆刀刀垫","配MCLNR2020K12","65mn","盒",2,8,16,"65mn"]
[25,"仿形刀刀垫","配MVJNR2020K16","65mn","盒",2,8,16,"65mn"]
[26,"外螺纹刀刀垫","配SER2020K16","65mn","盒",2,8,16,"65mn"]
[27,"切削液","汇众 英飞凡",null,"桶",4,280,1120,"汇众 英非凡"]
[28,"护目镜","3M护目镜1611",null,"副",10,30,300,"3M"]
[29,"卡盘扳手","12方，12mm×12mm",null,"副",5,10,50]
[30,"刀架扳手","12方，12mm×12mm",null,"副",5,10,50]
[31,"A型中心钻","Φ3","上工172老标护柄10mm","支",50,10,500,null,"钳工\n\n普铣\n\n线切割"]
[32,"盘铣刀",100,"山特维克","把",4,320,1280,"山特维克、三菱/狮王"]
[33,"四刃硬质合金刀","GM-4E-D6.0","Ф6mm","把",40,25,1000,"株钻"]
[34,"四刃硬质合金刀","GM-4E-D10.0","Ф10mm","把",40,35,{"$f":"G38*F38","v":1400},"株钻"]
[35,"可转位铣刀片","Apmt113508PDER-CW SW.5080",null,"片",20,18,360,"山特维克、三菱/狮王"]
[36,"可转位铣刀片","Apmt160408PDER-CW SW.5080",null,"片",20,24,480,"山特维克、三菱/狮王"]
[37,"丝锥","ASF335-螺旋山特维克","M5mm","支",50,23,1150,"螺旋山特维克"]
[38,"丝锥","ASF335-螺旋山特维克","M6mm",null,50,25,1250,"螺旋山特维克"]
[39,"丝锥","S335-ASF螺旋山特维克","M8mm","支",50,28,1400,"螺旋山特维克"]
[40,"丝锥","S335-ASF螺旋山特维克","M10mm","支",50,32,1600,"螺旋山特维克"]
[41,"丝锥","S335-ASF螺旋山特维克","M12mm","支",40,42,1680,"螺旋山特维克"]
[42,"铣刀","GM-2E-D16.0","Ф16","把",20,85,1700,"上工三刃加长"]
[43,"铣刀","GM-4E-D20.0","Ф20","把",20,30,600,"株钻"]
[44,"铣刀","GM-4E-D22.0","Ф22","把",20,42,840,"株钻"]
[45,"板材","1200mm*80mm*8mm","碳板30米、65Mn50米","米",80,90,7200,"株钻"]
[46,"板材","1200mm*80mm*100mm","碳板20米、201板20米","米",40,105,4200]
[47,"板材","1200mm*100mm*12mm","碳板10米、301板10米","米",20,130,2600]
[48,"四方铣刀片",null,"11T308M","盒",10,300,3000,"山特维克 株钻"]
[49,"带表游标卡尺","成量上工哈量","150mm精度±0.01","把",5,232,1160,"成量上工哈量"]
[50,"外径千分尺","成量上工哈量","0-25mm","把",10,152,1520,"成量上工哈量"]
[51,"外径千分尺","成量上工哈量","25-50mm","把",5,182,910,"成量上工哈量"]
[52,"六面光平口钳","精展","HLG40H","台",8,800,6400,"精展"]
[53,"锯片","瑞典鱼唛18T","300mm","片",6000,1.2,7200,"瑞典鱼唛 国产"]
[54,"平板锉","03918","12寸粗齿","把",50,55,2750,"世达、百固"]
[55,"平板锉","03915","6寸粗齿","把",50,35,1750,"世达、百固"]
[56,"三角锉","03994","6寸","把",50,40,2000,"世达、百固"]
[57,"钼丝","3000米",0.2,"卷",6,450,2700,"长城"]
[58,"毛刷","尼龙毛刷","4寸","把",50,6,300,"3寸尼龙毛刷"]
[59,"水性油",null,"SQB-61/25kg/桶　","桶",4,550,2200,"狄龙"]
[60,"砂轮金钢笔",null,"3.5mm进口cvd金刚石","支",5,60,300,"3.5mm进口cvd金刚石"]
[61,"板材","150*90*30","Gr12mov",null,30,40,1200,"Gr12mov"]
[62,"板材","90*80*25","Gr12mov",null,30,18,540,"Gr12mov"]
[63,"板材","56*56*10","SKD11",null,15,15,225,"SKD11"]
[64,"板材","40*40*55","SKD11",null,15,15,225,"SKD11"]
[65,"弹簧","Ф10mm*8*1",null,null,30,5,150]
[66,"导柱","Ф12*110",null,null,60,18,{"$f":"G70*F70","v":1080}]
[67,"导套","Ф18*45",null,null,60,10,600]
[68,"板材","195*133*18","P20",null,15,51,765,"P20"]
[69,"板材","Ф100*18","S136",null,15,18,270,"S136"]
[70,"板材","195*133*15","Gr12mov",null,15,45,675,"Gr12mov"]
[71,"A型浇口套","Ф30*57",null,null,15,7,105]
[72,"板材","220*194*20","Gr12mov",null,30,102,3060,"Gr12mov"]
[73,"板材","195*195*40","Gr12mov",null,30,155,4650,"Gr12mov"]
[74,"板材","110*50*37","SKD11",null,15,24,360,"SKD11"]
[75,"板材","75*42*30","SKD11",null,15,15,225,"SKD11"]
[76,"板材","85*37*25","M2",null,15,11,165,"M2"]
[77,"板材","195*195*20","45#",null,15,82,1230,"45#"]
[78,"板材","195*60*30","Ggr12mov",null,15,36,540,"Ggr12mov"]
[79,"板材","100*50*25","Ggr12mov",null,15,16,240,"Ggr12mov"]
[80,"样冲",null,"T10A",null,20,12,240,"T10A"]
[81,"高度尺划线锁扣",null,"成量上工哈量",null,10,30,300,"成量上工哈量"]
[82,"计算器",{"$nulls":3},3,30,90]
[83,"麻花钻","Ø3","含钴","支",30,5,150,"含钴"]
[84,"麻花钻","Ø5.8","含钴","支",20,17,340,"含钴"]
[85,"麻花钻","Ø7.8","含钴","支",20,22,440,"含钴"]
[86,"铰刀","Ø6H7","成量上工哈量","把",10,18,180]
[87,"铰刀","Ø8H7","成量上工哈量","把",10,29,290]
[88,"销钉","Ø10*20","成量上工哈量","个",50,4,200]
[89,"塞规","Ø20","成量上工哈量","支",5,88,440]
[90,"等柄钻头","Ø19","成量上工哈量","支",5,42,210,"含钴"]
[91,"内六角螺钉","M5mm*30","304不锈钢","颗",100,1,100,"不锈钢"]
[92,"内六角螺钉","M6mm*35","304不锈钢","颗",100,1,100,"不锈钢"]
[93,"内六角螺钉","M8mm*50","304不锈钢","颗",100,1,100,"不锈钢"]
[94,"内六角螺钉","M10mm*100","304不锈钢","颗",100,2,200,"不锈钢"]
[95,"内六角螺钉","M12mm*100","304不锈钢","颗",100,3,300,"不锈钢"]
[96,"圆钢","φ50","GGr15","米",18,125,2250,"Gr12mov"]
[97,"圆钢","φ45",201,"米",18,108,1944,"3Gr13"]
[98,"V型台","精展","55004-04-A4","套",3,400,{"$f":"G102*F102","v":1200},"精展","数铣"]
[99,"聚四氟乙希",null,"750*750*20","件",4,260,1040]
[100,"铝材",7075,"100x100x50","件",200,67,13400]
[101,"立铣刀","哈量关中","φ8","支",100,22,2200,"哈量关中"]
[102,"立铣刀","哈量关中","φ10","支",100,25,2500,"哈量关中"]
[103,"立铣刀","哈量关中","φ12","支",100,27,2700,"哈量关中"]
[104,"BT40盘铣刀","特固克、狮王、山特维克",null,"把",5,70,350,"特固克、狮王、山特维克"]
[105,"精密虎钳配套压板螺栓螺母",null,null,"套",10,50,500]
[106,"多孔插排","公牛5米10插位",null,"个",10,55,550]
[107,"BT40盘铣刀刀片","APKT100308PDER-JS SW",null,"盒",10,100,1000,"特固克、狮王、山特维克"]
[108,"机床冷却液","汇众 英飞凡",null,"桶",5,300,1500,"汇众 英飞凡"]
[109,"机床电池","BR-2/3AGCT4A进口款",null,"个",10,55,550]
[110,"圆钢","￠50","碳圆","米",6,125,750,"1碳圆、Gr12mov"]
[111,"圆钢","Φ35","12米碳圆、12米Gr12mov","米",24,98,2352,"碳圆、3Gr13","普车"]
[112,"圆钢","Ø40","6米碳圆、6米3Gr13","米",12,102,1224,"碳圆、9Gr18mov"]
[113,"圆钢","Ø45","6米碳圆、6米9Gr18mov","米",12,108,1296,"碳圆、9Gr18mov"]
[114,"方钢","65mn","16*16mm","米",12,25,300,"65mn"]
[115,"扁钢","65mn","6*16mm","米",12,15,180,"65mn"]
[116,"白钢刀","上工超硬HSS","4X16X200","把",60,16,960,"上工超硬"]
[117,"白钢刀","上工超硬HSS","12X12X200","把",60,35,2100,"上工超硬"]
[118,"白钢刀","上工超硬HSS","8X10X200","把",60,30,1800,"上工超硬"]
[119,"砂轮","诺顿","250*25*32","块",20,82,1640]
[120,"机夹三角刀片"," 31303C","30片装YW15 ","盒",20,110,2200,"株钻原厂"]
[121,"棉纱",null,"60KG","袋",3,200,600,"60KG"]
[122,"A型中心钻","Φ3","上工172不带护柄12mm","支",50,10,500,"上工172不带护柄12mm"]
[123,"A型中心钻","Φ4","上工172不带护柄12mm","支",50,13,650,"上工172不带护柄12mm"]
[124,"肥皂","雕牌242克一块",null,"块",150,3,450]
[125,"洗衣粉","雕牌","252g","袋",400,3,1200]
[126,"木糠",null,null,"袋",4,60,240,"50KG"]
[127,"莫氏锥柄套","莫氏4号","上工哈量","个",10,40,400]
[128,"莫氏锥柄套","莫氏3号","上工哈量","个",10,20,200]
[129,"机油",null,"18L","桶",10,220,2200,"长城"]
[130,"带锯片",null,"3150mm钨钢NACHI","条",10,142,1420,"钨钢NACHI"]
[131,"油污清洗剂",null,"30kg","桶",2,245,490,"宝洁"]
[{"$nulls":4},"小计",null,null,{"$f":"SUM(H5:H135)","v":178192}]
["电工电子专业"]
[1,"7股铜芯线","桂林电线电缆厂","1.5平方（红、蓝）","米",1000,1.4,{"$f":"G138*F138","v":1400},null,"机电一体化、电气自动化设备安装与维修"]
[2,"单股铜芯线","桂林电线电缆厂","1平方（红、蓝）","米",15000,1.15,{"$f":"G139*F139","v":17250}]
[3,"多股铜芯线","桂林电线电缆厂","0.75平方（红、蓝）","米",1000,0.7,700]
[4,"多股铜芯线","桂林电线电缆厂","2.5平方","米",500,2.4,1200]
[5,"单股铝芯线","桂林电线电缆厂","2.5平方（红、蓝）","米",10000,0.3,3000]
[6,"多股铝芯线","桂林电线电缆厂","10平方","米",300,1.5,450]
[7,"2芯耐高温硅橡胶护套电源电缆线",null,"2*0.5平方","米",200,2.4,480]
[8,"电脑电源线","10A 国标","一分二品字尾","个",25,12,300]
[9,"香蕉触头高压安全护套测试线","优吉熊","3mm红色20cm长","根",500,3.5,1750]
[10,"香蕉触头高压安全护套测试线","优吉熊","3mm绿色20cm长","根",500,3.5,1750]
[11,"香蕉触头高压安全护套测试线","优吉熊","3mm黑色20cm长","根",500,3.5,1750]
[12,"大功率二极管",null,"10A1000V","个",100,1,100]
[13,"桥型零线端子排铜排接线柱",null,"6孔","根",35,2,70]
[14,"半圆头螺丝","304不锈钢大扁头十字","M4*12（头部直径8mm）","个",500,0.15,75]
[15,"螺帽","不锈钢六角防滑带垫螺丝帽","M4","个",500,0.12,60]
[16,"自攻钉","4*25","不锈钢","颗",1000,0.03,30]
[17,"自攻钉","4*16","不锈钢","颗",1000,0.03,30]
[18,"大扁头自钻燕尾钉","3.5*13","不锈钢","颗",1000,0.03,30]
[19,"大扁头自钻燕尾钉","4.2*13","不锈钢","颗",1000,0.03,30]
[20,"银灰PVC行线槽","加厚","35mm高*35mm宽","米",200,3,600]
[21,"黑胶布","防水PVC电气胶带","16mm—18mm宽","卷",30,2,60]
[22,"热继电器","正泰NR4-63","2.5-4A","个",80,40,3200]
[23,"接线排","TD--2030",null,"条",80,15,1200]
[24,"接线排","UK2.5","25位带导轨","条",40,18,720]
[25,"接触器","正泰CJX2-1210","线圈电压380V","个",200,45,9000]
[26,"接触器","正泰CJX2-1211","线圈电压36V","个",100,45,4500]
[27,"辅助触头","正泰F4-22","2常开2常闭","个",100,10,1000]
[28,"空气延时头","正泰","F5-D2(0.1s-30s)","个",50,45,2250]
[29,"空气延时头","正泰","F5-T2(0.1s-30s)","个",50,45,2250]
[30,"三级空开","德力西 3A","3P","个",50,18,900]
[31,"导轨切断器","DC-35","双切槽","个",1,150,150]
[32,"异型号码管",null,"1.5平方","卷",20,7,140]
[33,"异型号码管",null,"2.5平方","卷",20,7,140]
[34,"U形冷压端子","（1000一包）","UT1-3","包",4,40,{"$f":"G171*F171","v":160}]
[35,"U形冷压端子","（1000一包）","UT1.5-4","包",4,40,160]
[36,"预绝缘冷压管形端子",null,"E1010（1000一包）红、蓝","包",4,25,100]
[37,"预绝缘冷压管形端子",null,"E0510（1001一包）红、蓝","包",4,25,100]
[38,"手套","3M","劳保手套丁腈涂掌浸胶（L码）","套",20,30,600]
[39,"公牛插座专用螺丝刀起子工具","德力西","加强款S2螺丝刀5*75（5件套）","套",2,30,60]
[40,"抽屉式收纳箱","18升","塑料","个",20,40,800]
[41,"四极插头","16A",null,"个",40,10,400]
[42,"三极插头","10A",null,"个",20,2,40]
[43,"一开双控开关","正泰","明装","个",200,12,2400]
[44,"三孔按钮盒","JL-BX3","白色","个",100,10,1000]
[45,"按钮","乐清三力LA68B按钮开关","红","个",100,7,700]
[46,"按钮","乐清三力LA68B按钮开关","绿","个",200,7,1400]
[47,"PLC编程下载线","USB-SC09-FX经济型","适用于三菱FX系列PLC","条",50,35,1750]
[48,"DB9母头（232焊接头）","蓝胶母头+灰色塑壳","2排9针塑料外壳","个",40,2,80]
[49,"万能胶","晨光","20ml","支",20,6,120]
[50,"热熔枪","德力西","40W","支",2,20,40]
[51,"鼠标",null,"USB口","个",10,12,120]
[52,"二极管","晶闸管调压电路","1N4007","个",1200,0.1,120]
[53,"晶闸管",null,"2P4M","个",300,1,300]
[54,"电阻",null,"240Ω、1/2W","个",300,0.1,30]
[55,"电阻",null,"51Ω、1/2W","个",300,0.1,30]
[56,"电阻",null,"2KΩ、1/2W","个",300,0.1,30]
[57,"电阻",null,"1KΩ、1/2W","个",300,0.1,30]
[58,"电位器",null,"WSW1、 100KΩ","个",300,0.1,30]
[59,"单结晶体管",null,"BT33","个",300,2,600]
[60,"稳压管",null,"1N4735（6.2V）","个",300,0.1,30]
[61,"小电珠、灯座",null,"12V 0.1W","套",300,1.5,450]
[62,"电容",null,"0.2μF/50V","个",300,0.1,30]
[63,"小号自封袋",null,"厚16丝（8*12mm）","个",300,0.05,15]
[64,"万能板",null,"9*15绿板","个",300,2,600]
[65,"二极管","单结晶体管延时电路","1N4007","个",1200,0.1,120]
[66,"电磁继电器",null,"JZC-22F(12V)","个",300,1,{"$f":"G203*F203","v":300}]
[67,"晶闸管",null,"2P4M","个",300,0.8,240]
[68,"电容",null,"100μF/25V","个",600,0.1,60]
[69,"电容",null,"22μF/25V","个",300,0.1,30]
[70,"电阻",null,"300Ω、1/2W","个",300,0.1,30]
[71,"电阻",null,"270Ω、1/2W","个",300,0.1,30]
[72,"电阻",null,"120Ω、1/2W","个",300,1,300]
[73,"电阻",null,"10KΩ、1/2W","个",300,0.1,30]
[74,"卧式可调电阻",null,"330KΩ","个",300,0.1,30]
[75,"单结晶体管",null,"BT33","个",300,2,600]
[76,"万能板",null,"9*15绿板","个",300,2,600]
[77,"小号自封袋",null,"厚16丝（8*12mm）","个",300,0.05,15]
[78,"稳压管",null,"1N4739（9.1V）","个",300,0.1,30]
[79,"环保焊锡丝",null,"0.8mm500g","卷",8,140,1120]
[80,"二极管","多谐振荡电路","1N4007","个",480,0.1,48]
[81,"电容",null,"470μF/25V","个",120,0.1,12]
[82,"电容",null,"100μF/25V","个",120,0.1,12]
[83,"电容",null,"33μF/25V","个",120,0.1,12]
[84,"电容",null,"22μF/25V","个",120,0.1,12]
[85,"三极管",null,9014,"个",240,0.1,24]
[86,"发光二极管",null,"LED（红）","个",120,0.1,12]
[87,"集成电路",null,7809,"个",120,1,120]
[88,"电  阻",null,"510Ω、1/2W","个",120,0.1,12]
[89,"电  阻",null,"330KΩ、1/2W","个",120,0.1,12]
[90,"电  阻",null,"300KΩ、1/2W","个",120,0.1,12]
[91,"电  阻",null,"1.5KΩ、1/2W","个",120,0.1,12]
[92,"万能板",null,"9*15绿板","个",120,2,240]
[93,"电  阻",null,"4.7KΩ、1/2W","个",120,0.1,12]
[94,"485型三插针土壤温度水分","山东塞恩电子DC 12~30V输入","SN-3000-TR-N01","个",4,80,320]
[95,"空气质量二氧化碳传感器（RS485通讯）","范特西物联网厂DC 7~30V输入","FTX-DCSX-485-21","个",4,240,960]
[96,"光照传感器（防水款RS485通讯）","蓝控电子科技DC 5~12V输入","B-RS-L31","个",4,35,140]
[97,"光合太阳有效传感器（RS485信号输出）","建大仁科DC 7~30V输入","RS-GH-N01-ALFN","个",4,444,1776]
[98,"485型三插针土壤氮磷钾储存器","山东塞恩电子DC 12~30V输入","SN-3002-TR-NRK-N01-ZJ","个",4,140,{"$f":"G235*F235","v":560}]
[99,"漏电保护器","正泰DZ47LE-32","1P+N C6","个",1,36,36]
[100,"开关电源","伟明YL-061","DC 24/10V输出","个",2,132,264]
[101,"开关电源","威震S-60-12","DC 12V输出","个",2,48,96]
[102,"PLC","三菱FX3u-32MT/ES-A","/","个",1,1350,1350]
[103,"通讯扩展板","三菱FX3u-485-BD","/","个",1,40,40]
[104,"触摸屏","昆仑通泰TPC7062KX（TX）","DC 24V输入","个",1,620,620]
[105,"接线端子排","JH9-1.5ZJ","15A","个",1,6,6]
[106,"步进电机","MP3-57H088","/","台",2,250,500]
[107,"步进电机控制器","信捷 DP3L-565步进驱动器","/","个",1,420,420]
[108,"滴灌软管"," 8mm管自动浇花系统灌溉管配件管细管灌溉管软管","/","米",5,2.4,12]
[109,"滴灌软管三通","912管自动浇花神器配件喷头雾化喷雾接头三通喷淋浇水器快插喷灌","8mm","个",4,2.5,10]
[110,"交直流通用滤波器","以伯YB220-10A","/","个",1,24,24]
[111,"中间继电器","正泰JZX-22F(D)/4Z","DC 24V输入","个",3,15,45]
[112,"水管（食品级）软管","硅胶管软管食品级透明饮水机家用硅橡胶耐高温水管","内径8mm，长度5米，壁厚2mm","米",5,20,100]
[113,"水管（食品级）软管","硅胶管软管食品级透明饮水机家用硅橡胶耐高温水管","内径19mm，长度5米，壁厚1.5mm","米",5,46,230]
[114,"水管（食品级）硬管","304不锈钢毛细管","内径20mm，壁厚1mm， 长度2米（1米一根）","米",2,56,112]
[115,"水管（食品级）硬管","304不锈钢毛细管","内径9mm，壁厚0.5mm。长度2米（1米一根）","米",2,11,22]
[116,"水泵","DC12V24V直流电机热水循环泵太阳能无刷电机水泵静音潜水泵800L/H","DC12V24V直流电机热水循环泵太阳能无刷电机水泵静音潜水泵800L/H","个",3,66,198]
[117,"水泵","12V5W直流无刷水泵静音电脑水冷散热DIY潜水泵长寿命微型离心泵","1230B(5W)","个",3,17,51]
[118,"塑料桶","纯净水桶饮水机矿泉水桶","5LPC饮水桶，带盖","个",3,12,36]
[119,"RS485/RS422转USB转换器 "," 绿联     485转USB 电脑com口通信线转接线 工业级FT232芯片 ","常用款0.5m","个",2,90,180]
[120,null,null,"加长款1.5m","个",2,107,214]
[121,null,null,"不带线款","个",2,96,192]
[122,"全自动封口机","FR-880经典款",null,"个",1,610,610]
[123,"PCB线路板万能板（绿板）","电子爱好者之家元器件","9*15","套",200,2,400,null,"电子技术应用专业"]
[124,"PCB线路板万能板（绿板）","电子爱好者之家元器件","4*6","套",100,1,100]
[125,"低温焊锡丝","得福五金专营店","一卷500克 63% ","卷",20,120,2400]
[126,"竞赛贴片练习板","的确良电子","套件+电源线","套",200,5.6,1120]
[127,"8类90只贴片元件双面板","的确良电子","套件+电源线","套",100,7.8,780]
[128,"贴片旋转流水灯","的确良电子","套件","套",100,3.28,328]
[129,"电子元器件焊接练习板散件","touglesy旗舰店洞洞板+散件","12套组合（声控小夜灯、光控指示灯、红外对射、三闪烁循环灯、串联式稳压电源、点触双稳态、火灾报警器、呼吸灯、多谐振荡器、usb小夜灯、检测报警器、单稳态电路）","组",150,18,2700]
[130,"触摸调光台灯电子DIY套件三挡","裕勤电子","套件+USB线+可调稳压电源","套",100,16.6,{"$f":"G267*F267","v":1660}]
[131,"电子幸运转盘","深圳市育松电子","电子幸运转盘套件+外壳","套",100,3,300]
[132,"8路抢答器套件CD4511","电子爱好者之家元器件","CD4511八路抢答器+外壳","套",100,7.8,780]
[133,"高压电磁炮组装套件","厦门远大电子（升级）","散件+外壳+发射辅助台","套",50,26.5,1325]
[134,"七彩圣诞树散件","中银电子电路板尺寸：6CMX6CM*10CM，外壳尺寸:6.7cm*6.7CM*12.8CM","3D旋转圣诞树 散件","套",100,18,1800]
[135,"像素游戏机制作套件","厦门远大电子，HU-001B","(供电方式：USBDC5v，红色散件+透明外壳+语音版)","套",100,21,2100]
[136,"“欢迎光临”光感应开关套件","电子爱好者之家元器件","迎宾器电子制作DIY教学实训组装","套",100,6,600]
[137,"收音机套件","CF210SP型","CD9088芯片、贴片元器件+电池","套",100,10,1000]
[138,"蓝牙小音箱","8002A芯片","MH-M18蓝牙音频模块+外壳+电源线+音频线","套",100,21.5,2150]
[139,"LED 手电筒","伍陆电子","散件+品胜电池","套",100,3.48,348]
[140,"指针式万用表\n装配与调试","南京天宇MF47A指针式万用表套件电工电子技能教学实习实训焊接组","MF-47A标准散件+电池+塑料包装盒","套",80,37,2960]
[141,"声光控开关","电子爱好者之家元器件","套件（PCB板+元件+灯座电源）","套",100,2.4,240]
[142,"直流稳压电源","新兴电子","套件+单12V变压器+电源线","套",100,15,1500]
[143,"手机移动电源","五六电子网店","散件+外壳","套",100,35.6,3560]
[144,"2.1 声道有源音箱","裕勤电子","散件+外壳","套",100,18,1800]
[145,"遥控门铃","伍陆电子WL2006B","套件+2节品胜电池+12V电池","套",100,16.7,1670]
[146,"智能家居系统","七星虫旗舰店","arduino uno r3学习入门套件开发板mixly创客Scratch","套",100,68,6800]
[147,"会议室音视频","誉却科技","誉却科技单片机电子钢琴DIY套件创意焊接练习散件含外壳和电源线音量可调音效好","套",100,15,1500]
[148,"声光控延时开关","电子爱好者之家元器件","套件+灯座+电源线","套",100,8.5,850]
[149,"PWM 调光台灯设计","计算机设计站","基于51单片机PWM调光智能台灯设计DIY坐姿矫正蓝牙人体感应节能","套",100,50,5000]
[150,"多路彩色流水灯","8路逐灭流水，TJ-56-534","电子高职单招焊接技能套件配电源线+配套试题答案","套",100,2.94,294]
[151,"           NE555  触摸振动报警器","京仪电子","散件+电池盒+电池","套",100,3.5,350]
[152,"功率放大器","上升沿电子","散件+PCB板+电源+喇叭+变压器","套",100,5.43,543]
[153,"便携式太阳能充电器","劲力牛旗舰店","太阳能控制器太阳能电池板稳压器快速充电太阳能充电器DIY套件双USBA+TYPC+DC","套",100,15.5,1550]
[154,"模块化机器人","zave旗舰店","智能编程开发机器人 四足仿生机械狗 遥控机器狗 电子宠物DIY套件+电源充电器","套",20,50,1000]
[{"$nulls":4},"小计",null,null,{"$f":"SUM(H138:H291)","v":131609}]
[{"$nulls":4},"总计",null,null,{"$f":"H292+H136","v":309801}]
[{"$nulls":3},"注：需按品牌、材料名称、技术参数等的要求采购"]

{"sheet":"Sheet1","index":1,"n_rows":0,"n_cols":0,"rows_kept":0}